Black Logos Quiz Stats

Quiz Updated Nov 27, 2015

Also try: Blue Logos
Challenge
Share
Tweet
Score 0/16 Timer 05:00
1 Play Today
Hint Answer % Correct
5Nike
99.2%
6Playboy
96.7%
8Puma
96.5%
1Adidas
95.6%
3Cartoon Network
93%
9BBC
88.8%
10Oakland Raiders
79.5%
4Chanel
78.8%
Hint Answer % Correct
2Atari
75%
11PBS
73.7%
15World Wildlife Fund
73.6%
7DC Shoes
69.6%
12Louis Vuitton
66.2%
14Converse
64.5%
16Gucci
58.4%
13BlackBerry
53.3%

You're not logged in!

Compare scores with friends on all Sporcle quizzes.
Sign Up with Email
OR
Log In

You Might Also Like...

Show Comments

Extras

Top Quizzes Today


Score Distribution

Your Account Isn't Verified!

In order to create a playlist on Sporcle, you need to verify the email address you used during registration. Go to your Sporcle Settings to finish the process.